| 000 | 01568nam0a22003611 4500 | ||
|---|---|---|---|
| 001 | RU\NLR\Evr\9541 | ||
| 005 | 20251202160538.0 | ||
| 035 | _a(NLR Aleph) 011425914 | ||
| 090 |
_a11627478 _c11627478 |
||
| 100 | _a20160513d1983 u y0rusy50 ca | ||
| 101 | 0 | _ayid | |
| 102 | _aRU | ||
| 105 | _ac ||||||||| | ||
| 200 | 1 |
_6a01 _7ba _aIberukh fun tsaytn _eYoysef Burg _f[Unter der algemayner redaktsie fun Aron Vergelis] |
|
| 210 |
_6a01 _aMoskve _cSovetski pisatel _d1983 _7ca |
||
| 210 |
_6a01 _9z02 _aמאָסקווע _cסאָוועטסקי פיסאטעל _d1983 |
||
| 210 |
_9z02 _aМосква _cСоветский писатель _d1983 _7ca |
||
| 215 |
_a64 с. _cпортр. _d17 см. |
||
| 225 | 1 |
_6a01 _7ba _aBibliotek fun "Sovetish Heymland" _v№ 10 |
|
| 225 | 1 |
_6a01 _9z02 _aביבליאָטעק פון סאָוועטיש היימלאנד _v№ 10 |
|
| 225 | 1 |
_7ca _9z02 _aБиблиотека [журнала] "Советиш Геймланд" _v№ 10 |
|
| 510 | 1 |
_6a01 _aאיבערוך פון צייטן _eיויסעף בורג _f[אונטער דער אלגעמייער רעדאקציעפון ארן ווערגעליס] |
|
| 541 | 1 |
_aПерекличка времен _zrus |
|
| 700 | 1 |
_aБург _bИ. _f1912-2005 _gИосиф _3RU\NLR\AUTH\7951345 _4070 _7ca |
|
| 702 | 1 |
_aВергелис _bА. _f1918-1999 _gАрон _3RU\NLR\AUTH\7950747 _4340 _7ca |
|
| 801 | 0 |
_aRU _bNLR _c20160513 _gpsbo |
|
| 801 | 0 |
_aRU _bNLR _gPSBO |
|
| 801 | 1 |
_aRU _bNLR _c20160513 _2rusmarc |
|
| 852 |
_aNLR _bОЛСАА/идиш _j2-2194 |
||
| 942 | _cBOOK | ||
| 980 | _aNB | ||
| 980 | 1 | _aIDISH | |